05356nam a2200145 4500008001300000020001800013082001800031100002700049245014800076260006200224300003700286505462700323650023404950700002605184702.88 V455g a9789968589161 a702.88bV455g aSoto Maffioli, Sofía aGestión y conservación de obras de arte en colecciones estatales:bManual dirigido a las instituciones coleccionistas del Sector Público  aSan José, Costa RicabMuseo de Arte Costarricensec2019 a178 p.bil. (col)c29,7 x 21 cm  tPreviotPresentacióntUn modelo de gestión para el patrimonio artístico tEl reto de la gestión de colecciones estatales tIntroduccióntGuía del usuario tCapítulo 1 t01. Generalidadest1.1 Marco conceptualt1.1a Patrimonio cultural mueble t1.1b Museos y museología t1.1c Preservación t1.2 Marco Legal t1.2a Normativa vigentet1.2b Derechos de autort1.3 Ambito de aplicación del presente manual t1.4 Gestión de colecciones artísticas t1.4a Justificación t1.4b Etapas de la gestión de colecciones estatales t1.5 Responsables involucraos t1.5a Funciones institucionales t1.5b Servicios externos t1.6 Elementos a incorporar en el inventario de obra de arte t1.6a Clasificación general por técnicas artísticas t1.7 Requerimientos técnicos para la implementación del modelo de gestión t1.8 Asignación de números de Registro GCEt1.9 Estados de conservación tCapítulo 2 Registro e inventariot2.1 Generalidades del registro de obras de arte t2.1a Agentes responsables t2.1b Periodicidad t2.2 Formulario de fichas de registro (GCE-FRE) t2.2a Pasos para elaborar las fichas de registro t2.2b Indicaciones para completar cada campo t2.3 Registro fotográfico t2.3a Registro fotográfico inicial t2.3b Registro fotográfico profesional t2.3c Nombrar y almacenar los archivos fotográficostCapítulo 3 Documentación de bienes artísticos t3.1 Generalidades de la documentación de bienes artísticos t3.2 El archivos Físico de Colecciones t3.2a Expediente de obra físico t3.2b Expediente General de colección en Físico t3.2c Conservar los Expedientes de Obra Físicost3.3 El Archivo Digital de Colecciones t3.3a Expediente de Obra Digital t3.3b Digitalización de Expedientes de Obra físicos t3.4 Herramientas digitales de GestióntCapítulo 4 Actualización y control t4.1 Generalidades de la actualización periódica t4.1a Agentes responsables t4.1b Periodicidad t4.2 Revisiones requeridas durante la actualización periódica t4.3 Formulario Informe Anual de Gestión (GCE-IGA)t4.3a Indicaciones para completar cada campo t4.4 Archivar y comunicar el Inventario Institucional t4.5 Control cruzado con el Ministerio de Hacienda (SIBINET) t4.6 Cedulación e información al público tCapítulo 5 Conservación t5.1 Introducción a la conservaciónt5.2 Generalidades de la conservaciónt5.3 Agentes de deteriorot5.3a Condiciones medioambientales t5.3b Agentes biológicos t5.3c Otras alteraciones t5.4 Manipulación t5.5 traslados y embalajes t5.6 Restauración de obras de arte t5.7 Reservas y espacios de almacenaje de obras de arte t5.8 Fichas de conservación por material t5.8a Obras en o sobre telat5.8b Obras en o sobre papelt5.8c Obras en o sobre metal t5.8d Obras en o sobre piedra tCapítulo 6 Adquisición y administración t6.1 Modalidades de adquisición t6.2 Normativa aplicable t6.3 Política de Adquisiciones t6.4 Trámites y procedimientos para adquisición de obras de artet6.5 Recomendaciones para el ejercicio de curaduría de colecciones estatalest6.6 Dictamen curatorial t6.7 Formulario para Control del Dictamen Curatorial de Adquisición (GCE-DCA)t6.7a Indicaciones par completar cada campot6.7b Archivar y comunicar el Dictamen Curatorial de Adquisición t6.8 Otras gestiones administrativas t6.8a Préstamos y movimientos t6.8b Seguros y pólizas t6.8c Baja de bienes artísticos tCapítulo 7 Atención de emergencias t7.1 Generalidades de la atención de emergenciast7.2 Planes de emergenciat7.3 Tipos de emergencia o accidentet7.4 Reporte de daños y emergenciast7.5 Formulario de Control de Daños y Accidentes (GCE-CDA)t7.5a Generalidades del formulario t7.5b Pasos para elaborar el formulario t7.5c Indicaciones para completar cada campo t7.5d Archivar y comunicar el formulario tAnexos tFormulario de Ficha de Registro (GCE-FRE)tEjemplo de llenado de Fichas de Registro (GCE-FRE)tFormulario Informe de Gestión Anual (GCE-IGA) tEjemplo de llenado de Informe de Gestión Anual (GCE-DCA)tFormulario de Control de Dictamen Curatorial de Adquisición (GCE-DCA)tEjemplo de llenado de Control de Dictamen Curatorial de Adquisición (GCE-DCA)tFormulario de Control de Daños y Accidentes (GCE-CDA)tEjemplo de llenado de Control de Daños y Accidentes (GCE-CDA)tSiglas institucionales para Número de Registro GCEtSiglas y abreviaturastPreguntas frecuentes (FAQs)tGlosariotBibliografíatAgradecimientostDedicatoria conmemorativatIlustracionestSobre los autorestRevisión internacional xconservación y restauración xobjetos artísticos - Costa Ricaxconservación y restauración de objetos artísticosxcolecciones estatales - Costa Ricaxcolecciones de museosxmuseos - adquisiciones xbienes artísticos aVenegas Arias, Rafael